[Event "GER CM05-D email"]
[Site "GER email"]
[Date "2018.06.19"]
[Round "?"]
[White "Jorgensen, Poul Erik"]
[Black "Elias, Holger"]
[Result "1/2-1/2"]
[WhiteElo "2353"]
[BlackElo "2331"]
[PlyCount "61"]
[EventDate "2018.??.??"]
[EventType "tourn (corr)"]
[EventRounds "10"]
[EventCountry "GER"]
[SourceTitle "Corr 2020"]
[Source "ChessBase"]
[SourceDate "2019.09.30"]
[SourceVersion "1"]
[SourceVersionDate "2019.09.30"]
[SourceQuality "1"]

1. e4 c5 2. Nf3 d6 3. d4 cxd4 4. Nxd4 Nf6 5. Nc3 a6 6. h3 b5 7. g4 Bb7 8. Bg2 Nc6 9. Be3 e6 10. g5 Nd7 11. Nxc6 Bxc6 12. Qd4 a5 13. 0-0-0 Qc7 14. Ne2 b4 15. Kb1 Rc8 16. f4 Qb7 17. Ng3 a4 18. h4 h6 19. h5 hxg5 20. fxg5 Qb5 21. h6 Qe5 22. Qxe5 Nxe5 23. hxg7 Bxg7 24. Nh5 Kf8 25. Nxg7 Kxg7 26. b3 Rxh1 27. Rxh1 Ng4 28. Bd2 Rb8 29. Bf4 axb3 30. axb3 Rd8 31. Bd2 1/2-1/2